Cyber Beans Based on Window 7 with MS Office 2010 Version (Record no. 11861)

MARC details
000 -LEADER
fixed length control field 00323nam a22001217a 4500
008 - FIXED-LENGTH DATA ELEMENTS--GENERAL INFORMATION
fixed length control field 211027b ||||| |||| 00| 0 eng d
020 ## - INTERNATIONAL STANDARD BOOK NUMBER
International Standard Book Number 9789386284709
050 ## - LIBRARY OF CONGRESS CALL NUMBER
Classification number 004
Item number 1
245 ## - TITLE STATEMENT
Title Cyber Beans Based on Window 7 with MS Office 2010 Version
260 ## - PUBLICATION, DISTRIBUTION, ETC. (IMPRINT)
Place of publication, distribution, etc. Noida
Name of publisher, distributor, etc. Kids Learning Pvt.Ltd.
300 ## - PHYSICAL DESCRIPTION
Extent 1
942 ## - ADDED ENTRY ELEMENTS (KOHA)
Source of classification or shelving scheme Dewey Decimal Classification
Koha item type BOOK
Holdings
Withdrawn status Lost status Source of classification or shelving scheme Damaged status Not for loan Home library Current library Shelving location Date acquired Total Checkouts Full call number Barcode Date last seen Price effective from Koha item type
    Dewey Decimal Classification     Good Samaritan School Library Good Samaritan School Library Computer Science 10/27/2021   004 KIP17078 10/27/2021 10/27/2021 BOOK

Powered by Koha